OXFORD handbook of nutrition and dietetics
Αποθηκεύτηκε σε:
| Μορφή: | Βιβλίο |
|---|---|
| Γλώσσα: | Αγγλικά |
| Έκδοση: |
Oxford: Oxford University Press
2012.
|
| Ετικέτες: |
Προσθήκη ετικέτας
Δεν υπάρχουν, Καταχωρήστε ετικέτα πρώτοι!
|
MARC
| LEADER | 00000nam a22000007a 4500 | ||
|---|---|---|---|
| 008 | 201221b ||||| |||| 00| 0 eng d | ||
| 020 | |a ISBN: 978-0-19-958582-3 | ||
| 245 | |a OXFORD handbook of nutrition and dietetics |c edited by Joan Webster-Gandy, Angela Madden (and) Michelle Holdsworth |g xi, 818p. | ||
| 250 | |b 2nd ed. | ||
| 260 | |b Oxford: Oxford University Press |c 2012. |i 691175 |i 691176 |l RM217.2 .Ox2 |m Diet theraphy – Handbooks, manuals, etc |m Nutrition – Hanbooks, manuals, etc | ||
| 942 | |a lcc |c BK |e Olagoke, M.A |f 21/12/2020 | ||
| 999 | |c 551 |d 551 | ||